| 000 | 00562nam a2200169Ia 4500 | ||
|---|---|---|---|
| 003 | IN-BaIIA | ||
| 008 | 211028s9999 xx 000 0 eng d | ||
| 040 | _cIIA Library | ||
| 080 |
_a523.92 _bHOU |
||
| 100 |
_aHoutgast, Jakob _92322 |
||
| 245 | 4 |
_aThe variation in the profiles of strong fraunhofer lines along a radius of the solar disc _cJakob Houtgast |
|
| 260 |
_aUtrecht _bDrukkerij Fa Schotancs & Jens _c1942 |
||
| 300 | _a147p. | ||
| 650 |
_aFraunhofer lines _92323 |
||
| 650 |
_aSolar Disc _92324 |
||
| 942 | _cBK | ||
| 999 |
_c1091 _d1091 |
||